000 00233nam a2200097Ia 4500
008 191206s9999 xx 000 0 und d
020 _a9.78111E+12
090 _aHF1017.WEI
245 0 _aIntroductry business statistics
260 _cc2008
999 _c16264
_d16264